Obchodní jednání a národní zvyklosti: Indie

Obchodné rokovania v Indii. Pracovné návyky, hodnoty a normy, význam času. Verbálna a neverbálna komunikácia. Obliekanie, stolovanie, viera. Širší rámec kultúrnych osobitostí.

Salvato in:
Dettagli Bibliografici
Autore principale: David, Richard
Natura: Capitolo di libro
Lingua:ceco
Soggetti:
Tags: Aggiungi Tag
Nessun Tag, puoi essere il primo ad aggiungerne!!

MARC

LEADER 00000naa$a2200000$$$4500
001 0012985
005 20230908091029.6
041 0 |a cze 
044 |a CZ 
245 1 0 |a Obchodní jednání a národní zvyklosti: Indie  |c aut. Richard David 
520 |a Obchodné rokovania v Indii. Pracovné návyky, hodnoty a normy, význam času. Verbálna a neverbálna komunikácia. Obliekanie, stolovanie, viera. Širší rámec kultúrnych osobitostí. 
610 2 0 |a rokovania obchodné 
610 2 0 |a partneri obchodní 
610 2 0 |a India 
610 2 0 |a zvyklosti obchodné 
610 2 0 |a komunikácia 
100 1 |a David, Richard